000
00243nam a2200097Ia 4500
008
230508s2008 xx 000 0 und d
041
_a
eng
100
_a
PUNMIA B C
245
_a
SOIL MECHANICS AND FOUNDATIONS
260
_b
LAXMI PUB.
_c
2008
_g
2007
999
_c
315297
_d
315297